Statistics for Word Scramble- World Cities

Click here to take the quiz!

General Stats

  • This quiz has been taken 41 times
  • The average score is 95 of 126

Answer Stats

ScrambleCountryCity% Correct
OnlyFranceLyon
97%
CeniFranceNice
97%
RispaFranceParis
97%
ObnislPortugalLisbon
93%
LanmiItalyMilan
93%
MeroItalyRome
93%
OkytoJapanTokyo
93%
NiceveItalyVenice
93%
Bua BidhaUnited Arab EmiratesAbu Dhabi
90%
RebnliGermanyBerlin
90%
NnboGermanyBonn
90%
CahcigoUSAChicago
90%
KorcIrelandCork
90%
Wen HildeIndiaDelhi
90%
BlidunIrelandDublin
90%
AvnahaCubaHavana
90%
NdonolUKLondon
90%
Emocxi TyciMexicoMexico City
90%
AmimiUSAMiami
90%
OwcosmRussiaMoscow
90%
Ewn Kory TyciUSANew York City
90%
OoslNorwayOslo
90%
TherpAustraliaPerth
90%
PhiedalhipalUSAPhiladelphia
90%
ToporPortugalPorto
90%
YsdenyAustraliaSydney
90%
InturItalyTurin
90%
SetmaadmrNetherlandsAmsterdam
87%
TehnsaGreeceAthens
87%
IjiebgnChinaBeijing
87%
RublssesBelgiumBrussels
87%
NahpecoegnDenmarkCopenhagen
87%
BiaduUnited Arab EmiratesDubai
87%
RecenlofItalyFlorence
87%
EllilFranceLille
87%
NilamaPhilippinesManila
87%
Last Kela TyciUSASalt Lake City
87%
DeailaedAustraliaAdelaide
83%
GabdahdIraqBaghdad
83%
OgtaboColombiaBogota
83%
DaubstpeHungaryBudapest
83%
Enuobs ResaiArgentinaBuenos Aires
83%
EvrnedUSADenver
83%
BuhamgrGermanyHamburg
83%
NihaoVietnamHanoi
83%
KatarjaIndonesiaJakarta
83%
Ukawit TyciKuwaitKuwait City
83%
AgolsNigeriaLagos
83%
LlmrsaeeiFranceMarseille
83%
AnsaaYemenSana a
83%
OulesSouth KoreaSeoul
83%
GraaIndiaAgra
80%
AaastnKazakhstanAstana
80%
RagebldeSerbiaBelgrade
80%
AnebribsAustraliaBrisbane
80%
ChastreubRomaniaBucharest
80%
RicoaEgyptCairo
80%
BearrncaAustraliaCanberra
80%
OlcobomSri LankaColombo
80%
LsaldaUSADallas
80%
ZefMoroccoFez
80%
RafknrtfuGermanyFrankfurt
80%
WsgolgaUKGlasgow
80%
IpeatiTaiwanTaipei
80%
RegazbCroatiaZagreb
80%
JubaaNigeriaAbuja
77%
Ddisa BabaaEthiopiaAddis Ababa
77%
NbotosUSABoston
77%
Teca WntoSouth AfricaCape Town
77%
ItedtroUSADetroit
77%
HadoQatarDoha
77%
InskihelFinlandHelsinki
77%
OkwkraPolandKrakow
77%
CehtermansUKManchester
77%
ToirarepSouth AfricaPretoria
77%
LetasetUSASeattle
77%
HranteIranTehran
77%
NistuTunisiaTunis
77%
SawwarPolandWarsaw
77%
CraacGhanaAccra
73%
ItlasrabavSlovakiaBratislava
73%
LidiEast Timor (or Timor-Leste)Dili
73%
NdieghubrUKEdinburgh
73%
AnkoNigeriaKano
73%
PooilrevUKLiverpool
73%
NamamaBahrainManama
73%
EmbuolrenAustraliaMelbourne
73%
UnpeIndiaPune
73%
Ior ed IneajorBrazilRio de Janeiro
73%
Sinta TeperubrhgsRussiaSaint Petersburgh
73%
CkhotosmlSwedenStockholm
73%
Hte GuehaNetherlandsThe Hague
73%
GirsealAlgeriaAlgiers
70%
EgnerbNorwayBergen
70%
AlicColombiaCali
70%
IhganhsaChinaShanghai
70%
PiltsCroatiaSplit
70%
WindarAustraliaDarwin
67%
AcstmuOmanMuscat
67%
FidfrcaUKCardiff
63%
AgujraadalaMexicoGuadalajara
63%
TteoradmrNetherlandsRotterdam
63%
JninatiChinaTianjin
63%
WeprtanBelgiumAntwerp
60%
EgeliBelgiumLiege
60%
PutomaMozambiqueMaputo
60%
KurtuFinlandTurku
60%
TsrbiloUKBristol
57%
EgsrbuBelgiumBruges
57%
UdgehcnChinaChengdu
57%
KnirobduvCroatiaDubrovnik
57%
KcmeliirIrelandLimerick
57%
YtmalaKazakhstanAlmaty
53%
SanbuSouth KoreaBusan
53%
HaddjeSaudi ArabiaJeddah
53%
Kyoto
53%
EdemnlliColombiaMedellin
50%
Eblo IrohonzetBrazilBelo Horizonte
47%
Orpot EgrelaBrazilPorto Alegre
47%
QigohcngnChinaChongqing
43%
LainadChinaDalian
33%
OopesFinlandEspoo
30%
ArehloinkGreeceHeraklion
27%
PerematFinlandTampere
27%
LasappuSwedenUppsala
27%
TegoghborSwedenGoteborgh
23%

Score Distribution

Percentile by Number Answered

Percent of People with Each Score

Your Score History

You have not taken this quiz